La descentralización real en Costa Rica /

Salvato in:
Dettagli Bibliografici
Autore principale: Rivera Araya, Roy
Natura: testo
Pubblicazione: San José: FLACSO-Costa Rica
Edizione:edición
Soggetti:
Tags: Aggiungi Tag
Nessun Tag, puoi essere il primo ad aggiungerne!!

MARC

LEADER 00000 a a2200000 04500
001 10446
003
040
020 |a 9977-68-089-2  
022 |a [sin ISBN]  
090 |a 136400  
100 |a Rivera Araya, Roy  
245 |a La descentralización real en Costa Rica /  |c Roy Rivera A.  
250 |a edición  
260 |a San José:   |b FLACSO-Costa Rica  
300 |a 161 p.   |b **no definido**  
650 |a DESCENTRALIZACION  
650 |a REFORMA ADMINISTRATIVA  
650 |a MODERNIZACION  
650 |a GOBIERNO LOCAL  
650 |a PARTICIPACION SOCIAL  
650 |a ESTADO  
650 |2 Macrothesauro de la OCDE  
650 |a REFORMA POLITICA  
650 |2 Macrothesauro de la OCDE  
650 |a ADMINISTRACION PUBLICA  |2 Macrothesauro de la OCDE  
650 |a REFORMA DEL ESTADO  
650 |2 Listado unificado CIDCACS  
651 |a COSTA RICA  
999 |c 13081  |d 13081